| 000 | 00832cab a2200265 4500 | ||
|---|---|---|---|
| 001 | ABS46984 | ||
| 008 | 090401t1992 xxu||||| |||| 00| 0 eng d | ||
| 035 | _a(Sirsi) u60274 | ||
| 041 | _aeng | ||
| 100 | _aHeal, N. | ||
| 245 | _aRating of markets | ||
| 260 | _c1992 | ||
| 350 | _a0 | ||
| 490 |
_aJournal of Property Valuation and Investment _v10(4) Summer 1992, 683-690(8) |
||
| 520 | _aConsiders the difficulties of determining the unit of assessment and the rateable occupier for markets. Proposes the most appropriate method of valuation for three types of markets. | ||
| 650 | _aMARKET STALLS | ||
| 650 | _aMARKETS | ||
| 650 | _aMETHODS OF VALUATION | ||
| 650 | _aRATEABLE OCCUPATION | ||
| 650 | _aRATING | ||
| 650 |
_aValuation _96273 |
||
| 690 | _aRATING AND VALUATION | ||
| 942 | _n0 | ||
| 948 | _c04/03/1997 | ||
| 999 |
_c37140 _d37140 |
||